| 000 | 00472nam a22001457a 4500 | ||
|---|---|---|---|
| 005 | 20160302112420.0 | ||
| 008 | 160301b xxu||||| |||| 00| 0 eng d | ||
| 050 | _aREF DT1948.W56 1968 | ||
| 100 |
_aCombined publishers _922672 |
||
| 245 |
_aWho's who of Southern Africa _cby Combined publishers |
||
| 260 |
_aJohannesburg _bCombined publishers _c1968 |
||
| 300 |
_avii, 1257-173p.; _c25cm. |
||
| 651 |
_aAfrica, Southern _2Biography _922601 |
||
| 942 |
_2lcc _cMONOGRAPH |
||
| 999 |
_c124256 _d124256 |
||